000 00449nam a2200205Ia 4500
005 20250425162702.0
008 250425s9999 xx 000 0 und d
020 _a9747313553
041 _aeng
043 _ath
082 _a639.8
245 0 _aAQUACULTURE IN THE THIRD MILLENNIUM
250 _aS.E
260 _aBANGKOK
260 _aTailandia
_bFAO
_c2001
300 _a471
650 _aACUACULTURA
942 _c01
010 _a96740
999 _c234330
_d234330